000 01335nam a2200253Ia 4500
001 9955
003 GE_BSU
008 181216s||||||||xx |||||||||||||| ||und||
020 _a9992879815
040 _cGE_BSU
080 _a821.411.16.09+821.353.091+94(=411.16)(479.22)
100 _aნიკოლეიშვილი,ავთანდილ
245 _aნარკვევები ქართველ ებრაელთა ლიტერატურულ-პუბლიცისტური მოღვაწეობის ისტორიიდან
245 _b1 ტ.ქართული ლიტერატურის ისტორია და კრიტიკა
245 _cრედ:გურამ ბათიაშვილი;დანიელ ხახანიშვილი
260 _aქუთაისი
260 _bქსუ
260 _c2003.
300 _a236გვ;20სმ.
541 _h8ლ.
653 _aნარკვევები ქართველ ებრაელთა ლიტერატურულ-პუბლიცისტური მოღვაწეობის ისტორიიდან
653 _aქართული ლიტერატურის ისტორია და კრიტიკა
942 _cBK
999 _c43228
_d43228